000 00671nam a2200217 a 4500
999 _c2704
_d2704
001 2704
003 BD-JhCC
005 20171106102536.0
008 171106s1986 i |||| ||a| 000 0 ben d
035 _a(BD-JhCC) 2704
040 _aBD-JhCC
_dBD-JhCC
041 _aben
082 _a891.443
_bGUH 1986
100 _aগুহ, বুদ্ধদেব
245 _aমাধুকরী /
_c বুদ্ধদেব গুহ
260 _aকলকাতা :
_bআনন্দ পাবলিশার্স প্রাইভেট লিমিটেড ,
_c1986
300 _a630 p .:
_c22 cm .
650 _a Bengali Novel
942 _2ddc
_cBK